000 00569nam a2200241 a 4500
001 nice12345678
003 IN_TiNIC
005 20260116011452.0
008 080418s1960 diga grp 000 0 eng
020 _a
_c100
082 0 0 _a231.044
_bHOD
100 _aHodgson, Leonard
245 _aDoctrine of the Trinity
260 _aDigswel
_bJames Nisbet and Co
_c1960
300 _a237p
500 _aincludes index and biblioraphy
505 2 _aindex
650 _aTrinity
700 1 _aHodgson, Leonard
902 _bSRS
942 _cBK
999 _c1809
_d1809